000 00810cab a2200229 4500
001 WB3215-89
008 090401t1996 xxu||||| |||| 00| 0 eng d
035 _a(Sirsi) u70124
041 _aeng
245 _aMurphy`s law
260 _c1996
350 _a0
490 _aEstates Gazette
_v(9615) 13 April 1996, 102(1)
520 _aConsiders why many Commonwealth countries, including New Zealand, have chosen not to implement the decision in "Murphy v Brentwood DC" which ruled out negligence actions by secondary owners of defective buildings against those who may have been responsible for the defects.
650 _aBUILDING DEFECTS
650 _aMURPHY V BRENTWOOD DC
650 _aNEGLIGENCE
650 _aNEW ZEALAND
690 _aPROFESSIONAL PRACTICE
942 _n0
948 _c04/03/1997
999 _c44115
_d44115